[Event "ITA-chTB 51st"]
[Site "Brixen Bressanone"]
[Date "2019.04.28"]
[Round "4.2"]
[White "Garcia Palermo, Carlos H"]
[Black "Gregori, Giacomo"]
[Result "1/2-1/2"]
[WhiteElo "2407"]
[BlackElo "2280"]
[PlyCount "77"]
[EventDate "2019.04.26"]
[EventType "team-swiss"]
[EventRounds "7"]
[EventCountry "ITA"]
[SourceTitle "CBM 190 Extra"]
[Source "ChessBase"]
[SourceDate "2019.07.15"]
[SourceVersion "1"]
[SourceVersionDate "2019.07.15"]
[SourceQuality "1"]
[WhiteTeam "Chieti"]
[BlackTeam "Cornaro Asolo Regina"]
[WhiteTeamCountry "ITA"]
[BlackTeamCountry "ITA"]

1. d4 d5 2. c4 c6 3. e3 Nf6 4. Nf3 Bf5 5. Bd3 Bxd3 6. Qxd3 e6 7. Nc3 Nbd7 8. 0-0 Be7 9. e4 dxe4 10. Nxe4 Nxe4 11. Qxe4 Nf6 12. Qe2 0-0 13. Bd2 Qc7 14. b4 Rfd8 15. a4 Ne8 16. Rfd1 Bf6 17. g3 Bxd4 18. Bf4 e5 19. Bxe5 Bxe5 20. Qxe5 Rxd1+ 21. Rxd1 Rd8 22. Rxd8 Qxd8 23. a5 Nc7 24. Nd4 g6 25. Qc5 a6 26. Qa7 Qc8 27. h4 Ne6 28. Nxe6 Qxe6 29. Qxb7 Qxc4 30. Qe7 h5 31. Qd6 Qe4 32. Kh2 Kg7 33. b5 cxb5 34. Qxa6 Qf5 35. Qb6 b4 36. a6 b3 37. a7 Qf3 38. a8Q Qxa8 39. Qxb3 1/2-1/2

[Event "Treviso Lega Master op 2nd"]
[Site "Treviso"]
[Date "2018.03.03"]
[Round "2"]
[White "Gregori, Giacomo"]
[Black "Vianello, Enrico"]
[Result "1-0"]
[WhiteElo "2283"]
[BlackElo "2168"]
[PlyCount "153"]
[EventDate "2018.03.02"]
[EventType "swiss"]
[EventRounds "5"]
[EventCountry "ITA"]
[SourceTitle "EXT 2022"]
[Source "ChessBase"]
[SourceDate "2021.10.06"]
[SourceVersion "1"]
[SourceVersionDate "2021.10.06"]
[SourceQuality "1"]

1. c4 e5 2. Nc3 Bb4 3. Qc2 Nf6 4. Nf3 d6 5. e3 0-0 6. a3 Bxc3 7. Qxc3 Nc6 8. d3 Qe7 9. Be2 Nd7 10. b4 f5 11. Bb2 Nf6 12. b5 Nd8 13. Rc1 Nf7 14. h4 h6 15. h5 Bd7 16. Nh4 Nh8 17. c5 b6 18. c6 Be6 19. d4 e4 20. g3 Kh7 21. a4 Rfe8 22. Rd1 Qf7 23. Ng2 Nd5 24. Qd2 g5 25. hxg6+ Nxg6 26. Bh5 Rg8 27. Nh4 Nde7 28. Nxg6 Nxg6 29. d5 Bc8 30. Qd4 a6 31. Ra1 axb5 32. axb5 Rxa1+ 33. Bxa1 Qe7 34. Bxg6+ Kxg6 35. Rh4 h5 36. Bc3 Re8 37. Kf1 Rf8 38. Ke1 Re8 39. Kd2 Rf8 40. Kc2 Re8 41. Rh1 Rf8 42. Ra1 Re8 43. Ra7 Qf7 44. Qd1 Re7 45. Ra8 Re8 46. Ra7 Re7 47. Kb2 Kg5 48. Ra1 Kg6 49. Qd2 Kh6 50. Rh1 Re8 51. Kb3 Re7 52. Kc4 Re8 53. Qd4 Kg6 54. Qd1 Kh6 55. Kb4 Re7 56. Qb3 Kg6 57. Ra1 Re8 58. Ra7 Re7 59. Qc4 Kh6 60. Bb2 Kg6 61. Bd4 Kh6 62. Qa2 Kg6 63. Bc3 Kh6 64. Qd2 Kg6 65. Qd1 Kh6 66. Ra2 Kg6 67. Rd2 Kh6 68. Qh1 Kg6 69. Qh4 Re8 70. Rd1 Rf8 71. Kc4 Kh6 72. Rh1 Rg8 73. Qf6+ Qxf6 74. Bxf6 Kg6 75. Bh4 Kf7 76. Ra1 Rg7 77. Ra8 1-0

[Event "Porto Sant Elpidio op 20th"]
[Site "Porto Sant Elpidio"]
[Date "2017.11.24"]
[Round "1.3"]
[White "Gregori, Giacomo"]
[Black "Serpilli, Francesco"]
[Result "1-0"]
[WhiteElo "2227"]
[BlackElo "1580"]
[PlyCount "63"]
[EventDate "2017.11.24"]
[EventType "swiss"]
[EventRounds "5"]
[EventCountry "ITA"]
[SourceTitle "EXT 2024"]
[Source "ChessBase"]
[SourceDate "2023.10.10"]
[SourceVersion "1"]
[SourceVersionDate "2023.10.10"]
[SourceQuality "1"]

1. Nf3 d5 2. g3 Nf6 3. Bg2 Bf5 4. 0-0 e6 5. c4 c6 6. d3 Be7 7. Qb3 Qb6 8. Be3 c5 9. cxd5 Qxb3 10. axb3 exd5 11. d4 Nbd7 12. Rc1 b6 13. Nc3 0-0 14. Nh4 Be6 15. Nb5 a6 16. Nc7 Ra7 17. Nxe6 fxe6 18. Bh3 Kf7 19. Ng2 cxd4 20. Bxd4 Nc5 21. Nf4 g5 22. Bxc5 Bxc5 23. Nd3 Bd6 24. Rc6 Ke7 25. Rxb6 Ne4 26. Rbxa6 Rb7 27. Ra7 Rfb8 28. Rxb7+ Rxb7 29. b4 Nd2 30. Ra6 h5 31. Bxe6 d4 32. Bd5 1-0

[Event "Chiuso ad Inviti Croce Verde 1st"]
[Site "Porto Sant Elpidio"]
[Date "2016.08.11"]
[Round "7"]
[White "Gregori, Giacomo"]
[Black "Rinaudo, Andrea"]
[Result "1-0"]
[WhiteElo "2127"]
[BlackElo "1943"]
[PlyCount "89"]
[EventDate "2016.08.07"]
[EventType "tourn"]
[EventRounds "7"]
[EventCountry "ITA"]
[SourceTitle "EXT 2018"]
[Source "ChessBase"]
[SourceDate "2017.10.13"]
[SourceVersion "1"]
[SourceVersionDate "2017.10.13"]
[SourceQuality "1"]

1. Nf3 d5 2. c4 e6 3. b3 Nf6 4. Bb2 c5 5. g3 Nc6 6. e3 Be7 7. Bg2 0-0 8. 0-0 a6 9. Qe2 Qc7 10. Rd1 Rd8 11. d4 cxd4 12. exd4 b6 13. Nc3 Bb7 14. Rac1 Rac8 15. cxd5 Nxd5 16. Nxd5 exd5 17. Ne5 b5 18. Bh3 Rb8 19. Qc2 Rd6 20. Re1 Qd8 21. Qe2 Nxe5 22. dxe5 Rh6 23. Bg2 d4 24. Bxb7 Rxb7 25. Red1 Rd7 26. Rd3 Re6 27. Qe4 f6 28. f4 fxe5 29. Qf5 Rf6 30. Qxe5 Rfd6 31. Kf2 Bf6 32. Qf5 h6 33. Ba3 Rd5 34. Qe6+ Kh7 35. Qxa6 Qe8 36. Qc6 Qh5 37. Kg1 Qe2 38. Qc2 Qe4 39. Kf2 g6 40. Re1 Qf5 41. Red1 h5 42. Qe2 Qh3 43. Kg1 h4 44. g4 Re5 45. fxe5 1-0

[Event "Ancona Ascoli Province-ch"]
[Site "Porto Sant Elpidio"]
[Date "2016.01.31"]
[Round "5"]
[White "Foglia, Maurizio"]
[Black "Gregori, Giacomo"]
[Result "0-1"]
[WhiteElo "2090"]
[BlackElo "2122"]
[PlyCount "50"]
[EventDate "2016.01.29"]
[EventType "swiss"]
[EventRounds "5"]
[EventCountry "ITA"]
[SourceTitle "EXT 2018"]
[Source "ChessBase"]
[SourceDate "2017.10.13"]
[SourceVersion "1"]
[SourceVersionDate "2017.10.13"]
[SourceQuality "1"]

1. d4 Nf6 2. Bg5 g6 3. Nc3 d5 4. f3 h6 5. Bh4 Bg7 6. e3 c6 7. Qd2 Nbd7 8. 0-0-0 b5 9. Bd3 b4 10. Nce2 0-0 11. g4 c5 12. dxc5 Nxc5 13. g5 hxg5 14. Bxg5 Qa5 15. Kb1 Na4 16. Nd4 Ne4 17. Bxe4 dxe4 18. Bxe7 Rb8 19. Nb3 Qe5 20. Nd4 Qxe7 21. Ka1 Be6 22. fxe4 Qb7 23. Nge2 Qa6 24. Qd3 Bc4 25. Qd2 Nc3 0-1

[Event "Padova op-A 18th"]
[Site "Padova"]
[Date "2015.12.18"]
[Round "7.31"]
[White "Gregori, Giacomo"]
[Black "Roberti, Ignazio"]
[Result "1-0"]
[WhiteElo "2113"]
[BlackElo "1890"]
[PlyCount "179"]
[EventDate "2015.12.13"]
[EventType "swiss"]
[EventRounds "9"]
[EventCountry "ITA"]
[SourceTitle "EXT 2024"]
[Source "ChessBase"]
[SourceDate "2023.10.10"]
[SourceVersion "1"]
[SourceVersionDate "2023.10.10"]
[SourceQuality "1"]

1. c4 Nf6 2. Nf3 e6 3. g3 b6 4. Bg2 Bb7 5. 0-0 c5 6. Nc3 Be7 7. d4 cxd4 8. Qxd4 Nc6 9. Qf4 0-0 10. Rd1 d6 11. b3 Qb8 12. Bb2 a6 13. Ng5 Ne5 14. Bxb7 Qxb7 15. Nce4 Nxe4 16. Nxe4 Ng6 17. Qf3 Qc7 18. Qc3 f6 19. Rac1 Rac8 20. Qd2 Rfd8 21. Qe3 Ne5 22. Bd4 Rb8 23. Nc3 Kf7 24. Na4 Nd7 25. Qe4 f5 26. Qe3 Bf6 27. Qd3 Nc5 28. Bxc5 dxc5 29. Qf3 Rxd1+ 30. Rxd1 Rd8 31. Rxd8 Qxd8 32. Qb7+ Be7 33. Kg2 Qd2 34. e3 Qxa2 35. Qxb6 Qc2 36. Qb7 Qe4+ 37. Qxe4 fxe4 38. Nc3 Kg6 39. Nxe4 Kf5 40. f3 h5 41. h3 Bf8 42. Kf2 g5 43. g4+ hxg4 44. hxg4+ Kg6 45. Ke2 Be7 46. Kd2 e5 47. Kc2 Kf7 48. Nc3 Bd6 49. Kd3 Ke6 50. Nd5 Kf7 51. Ke4 Ke6 52. Kd3 Kf7 53. Kc2 Ke6 54. Kb2 Kd7 55. Ka3 Kc6 56. Ka4 Kb7 57. Ka5 Ka7 58. Nf6 Kb7 59. Ne8 Bf8 60. Ka4 Kc6 61. Nf6 Be7 62. Ne4 Kb6 63. Nc3 Kc6 64. Ne2 Bd6 65. Ka3 Kd7 66. Kb2 Ke6 67. Kc2 Kd7 68. Kd3 Ke6 69. Ke4 Bc7 70. Nc1 Bb8 71. Nd3 Bd6 72. f4 exf4 73. exf4 gxf4 74. Nxf4+ Kf6 75. Nd3 Ke6 76. g5 Bf8 77. g6 Kd6 78. Nf4 Kc6 79. Ne6 Bh6 80. g7 Bxg7 81. Nxg7 a5 82. Ne6 Kd6 83. Nd8 Kc7 84. Kd5 Kxd8 85. Kxc5 a4 86. bxa4 Kc7 87. a5 Kb7 88. a6+ Kb8 89. Kc6 Ka7 90. c5 1-0

[Event "Padova op-A 18th"]
[Site "Padova"]
[Date "2015.12.16"]
[Round "5.25"]
[White "Pozzobon, Davide"]
[Black "Gregori, Giacomo"]
[Result "1-0"]
[WhiteElo "2037"]
[BlackElo "2113"]
[PlyCount "35"]
[EventDate "2015.12.13"]
[EventType "swiss"]
[EventRounds "9"]
[EventCountry "ITA"]
[SourceTitle "EXT 2024"]
[Source "ChessBase"]
[SourceDate "2023.10.10"]
[SourceVersion "1"]
[SourceVersionDate "2023.10.10"]
[SourceQuality "1"]

1. e4 d6 2. d4 Nf6 3. Nc3 c6 4. Be2 Nbd7 5. Be3 e5 6. Nf3 Be7 7. h3 Qc7 8. a4 0-0 9. 0-0 b6 10. Qe1 Bb7 11. Nh4 Nxe4 12. Nf5 Ndf6 13. dxe5 Nxc3 14. Qxc3 dxe5 15. Bg5 Ne4 16. Nxe7+ Qxe7 17. Bxe7 Nxc3 18. bxc3 1-0

[Event "Chioggia op-A 10th"]
[Site "Chioggia"]
[Date "2015.10.11"]
[Round "4"]
[White "Gregori, Giacomo"]
[Black "Bacchini, Stefano"]
[Result "1-0"]
[WhiteElo "2108"]
[BlackElo "1967"]
[PlyCount "113"]
[EventDate "2015.10.09"]
[EventType "swiss"]
[EventRounds "5"]
[EventCountry "ITA"]
[SourceTitle "EXT 2022"]
[Source "ChessBase"]
[SourceDate "2021.10.06"]
[SourceVersion "1"]
[SourceVersionDate "2021.10.06"]
[SourceQuality "1"]

1. c4 e6 2. Nf3 d5 3. g3 Nf6 4. Bg2 Be7 5. 0-0 0-0 6. d4 Nbd7 7. Bf4 dxc4 8. Nbd2 c3 9. bxc3 Nd5 10. Qc2 Nxf4 11. gxf4 c5 12. e3 Qc7 13. Rfc1 Rb8 14. Ne4 b6 15. Nfg5 g6 16. Qe2 Bb7 17. Ng3 Bxg2 18. Kxg2 h6 19. N5e4 Kh7 20. Qf3 Qb7 21. Rc2 Rfc8 22. Rac1 f5 23. Nd2 Qxf3+ 24. Nxf3 Rb7 25. Ne5 Kg7 26. Ne2 Rbc7 27. Nxd7 Rxd7 28. Rd2 Kf7 29. Kf3 g5 30. h3 Rg8 31. Rcd1 Rgd8 32. Nc1 cxd4 33. cxd4 Rc8 34. Nd3 Rdc7 35. Rb1 Rc2 36. Ke2 Kf6 37. Rb2 Rxb2 38. Rxb2 g4 39. hxg4 fxg4 40. Kf1 Bd6 41. Kg2 Rc3 42. Rd2 Kf5 43. Ne5 h5 44. Nf7 Be7 45. Rb2 Kf6 46. Ne5 Ra3 47. Rc2 Bd6 48. Nc4 Be7 49. Nxa3 Bxa3 50. Rc7 a5 51. Rc6 h4 52. d5 Bc5 53. Rxe6+ Kf5 54. Re5+ Kf6 55. Rg5 g3 56. Rh5 gxf2 57. Kxf2 1-0

[Event "Amantea op 12th"]
[Site "Amantea"]
[Date "2014.09.07"]
[Round "1"]
[White "David, Alberto"]
[Black "Gregori, Giacomo"]
[Result "1-0"]
[WhiteElo "2548"]
[BlackElo "2080"]
[PlyCount "77"]
[EventDate "2014.09.07"]
[EventType "swiss"]
[EventRounds "9"]
[EventCountry "ITA"]
[SourceTitle "CBM 162 Extra"]
[Source "ChessBase"]
[SourceDate "2014.10.17"]
[SourceVersion "1"]
[SourceVersionDate "2014.10.17"]
[SourceQuality "1"]

1. e4 d6 2. d4 Nf6 3. Nc3 c6 4. a4 a5 5. f4 Na6 6. Bc4 Nb4 7. Bb3 Bg4 8. Nf3 e6 9. h3 Bxf3 10. Qxf3 d5 11. e5 Nd7 12. 0-0 g6 13. Ne2 c5 14. c3 Nc6 15. Kh1 Qb6 16. c4 dxc4 17. Bxc4 cxd4 18. Ng3 Bg7 19. Ne4 0-0 20. b3 Nb4 21. Bb2 Rac8 22. Rad1 Nc2 23. Qe2 Rxc4 24. bxc4 Qxb2 25. Rf2 Qb4 26. Qxc2 Nc5 27. Rxd4 Qe1+ 28. Kh2 Qe3 29. Qc3 Qxc3 30. Nxc3 g5 31. g3 f6 32. fxg5 fxe5 33. Rxf8+ Kxf8 34. Rh4 e4 35. Nxe4 Nxa4 36. c5 Nb2 37. Rf4+ Kg8 38. Nf6+ Kh8 39. Rd4 1-0

[Event "Palmi op 5th"]
[Site "Palmi"]
[Date "2012.01.02"]
[Round "1"]
[White "Gregori, Giacomo"]
[Black "Petkov, Vladimir"]
[Result "0-1"]
[WhiteElo "2023"]
[BlackElo "2519"]
[PlyCount "74"]
[EventDate "2012.01.02"]
[EventType "swiss"]
[EventRounds "9"]
[EventCountry "ITA"]
[SourceTitle "CBM 146 Extra"]
[Source "ChessBase"]
[SourceDate "2012.02.29"]
[SourceVersion "1"]
[SourceVersionDate "2012.02.29"]
[SourceQuality "1"]

1. c4 e5 2. g3 Nf6 3. Bg2 c6 4. d4 exd4 5. Qxd4 d5 6. Nf3 dxc4 7. Qxc4 Be6 8. Qa4 Na6 9. Nc3 Nd5 10. Nxd5 Bxd5 11. 0-0 Be7 12. Be3 0-0 13. Nd4 Nb4 14. Bxd5 Nxd5 15. Nf5 Bf6 16. Bc5 Re8 17. e4 Bxb2 18. Rab1 Nb6 19. Qb3 Be5 20. f4 Bc7 21. Rbd1 Qf6 22. Bd4 Qe6 23. Qf3 Qxe4 24. Qg4 g6 25. Nh6+ Kf8 26. Qh3 Red8 27. Bc5+ Kg7 28. Nxf7 Rxd1 29. Rxd1 h5 30. Ng5 Qc4 31. Ne6+ Kg8 32. Bf2 Nd5 33. f5 Qc2 34. Rxd5 cxd5 35. Nd4 Qb1+ 36. Kg2 Qe4+ 37. Kg1 Bb6 0-1

[Event "Ischia op 3rd"]
[Site "Ischia "]
[Date "2011.08.02"]
[Round "8"]
[White "Calabrese, Claudio"]
[Black "Gregori, Giacomo"]
[Result "1/2-1/2"]
[WhiteElo "1942"]
[BlackElo "2005"]
[PlyCount "49"]
[EventDate "2011.07.26"]
[EventType "swiss"]
[EventRounds "9"]
[EventCountry "ITA"]
[SourceTitle "EXT 2014"]
[Source "ChessBase"]
[SourceDate "2013.11.20"]
[SourceVersion "1"]
[SourceVersionDate "2013.11.20"]
[SourceQuality "1"]

1. d4 Nf6 2. c4 g6 3. Nc3 Bg7 4. e4 d6 5. f3 b6 6. Be3 c5 7. Nge2 cxd4 8. Nxd4 Bb7 9. Be2 Nbd7 10. 0-0 0-0 11. Qd2 Rc8 12. Rac1 Ne5 13. b3 Nc6 14. Nxc6 Bxc6 15. Nd5 Qd7 16. Rfd1 Qb7 17. Bg5 Bxd5 18. cxd5 a6 19. Rxc8 Rxc8 20. Rc1 b5 21. Rxc8+ Qxc8 22. Qc1 Qxc1+ 23. Bxc1 Nd7 24. Be3 Bc3 25. Kf1 1/2-1/2